000 00386nam a2200157Ia 4500
008 230917s9999||||xx |||||||||||||| ||und||
040 _e204364
_aMAIN
041 _aEnglish
082 _a658.3 M745H(10)
100 _aMondy, R Wayne
245 0 _aHuman resource management
250 _a10th ed.
260 _aNoida
_bPearson Education
_c2011
300 _axx, 436 p.
942 _cBK
999 _c172955
_d172955